Family Feud Hosts (US) Quiz Stats

 Plays Quiz Updated Mar 2, 2020

Support Sporcle.
Go Orange.
Score 0/6 Timer 02:00
6 Plays Today
Hosting Years Host Name % Correct
(1976–1985, 1994–1995)Richard Dawson
78.8%
(2010–present)Steve Harvey
78.2%
(1999-2002)Louie Anderson
56.9%
(2002-2006)Richard Karn
55.4%
(1988-1994)Ray Combs
43.8%
(2006–2010)John O'Hurley
41%

From the Vault

Broadway: As Good As Its Similes

by MovieGuru

This is quiz is as fun as a simile! Did we do that right?
Remove Ads.
Support Sporcle.
Get the best of Sporcle when you Go Orange. This ad-free experience offers more features, more stats, and more fun while also helping to support Sporcle. Thank you for becoming a member.

Show Comments

Extras

Top Quizzes Today


Score Distribution

Your Account Isn't Verified!

In order to create a playlist on Sporcle, you need to verify the email address you used during registration. Go to your Sporcle Settings to finish the process.

Report this User

Report this user for behavior that violates our Community Guidelines.

Details: